[Event "K41 Aabent Mesterskab 2005-06"]
[Site "Copenhagen"]
[Date "2006.02.21"]
[Round "9"]
[White "Hou, Mads"]
[Black "Ibsen, Johan"]
[Result "1-0"]
[WhiteElo "1424"]
[BlackElo "1477"]
[PlyCount "79"]
[EventDate "2005.??.??"]


1. e4 e6 2. d4 d5 3. exd5 exd5 4. Nf3 Bd6 5. Bd3 Bg4 6. O-O Ne7 7. Bg5 Nd7 8.
c3 Nf8 9. Nbd2 Ne6 10. Be3 f5 11. h3 Bh5 12. g3 f4 13. gxf4 Bxf4 14. Qc2 Qd6
15. Bf5 Bxe3 16. Rae1 Bxf2+ 17. Kxf2 Bf7 18. Ne5 O-O 19. Ndf3 Nxf5 20. Qxf5 Bg6
21. Qg4 Rf4 22. Qg3 Raf8 23. Kg1 Be4 24. Ng5 Nxg5 25. Qxg5 R8f5 26. Qxf4 Rxf4
27. Rxf4 Qe6 28. Ref1 h6 29. Kh2 Bg6 30. Rf8+ Kh7 31. R1f4 c5 32. Rd8 Bf5 33.
Rd7 cxd4 34. cxd4 a6 35. Rxb7 h5 36. Rc7 Qb6 37. Rf7 Be4 38. Kg3 Qxd4 39. Nd7
Bg6 40. Rxd4 1-0

[Event "K41 Aabent Mesterskab 2005-06"]
[Site "Copenhagen"]
[Date "2006.02.21"]
[Round "9"]
[White "Joensen, Hjalmar"]
[Black "Abildgaard, Kenneth"]
[Result "0-1"]
[WhiteElo "1423"]
[BlackElo "1560"]
[PlyCount "74"]
[EventDate "2005.??.??"]


1. d4 Nf6 2. c4 b6 3. Nc3 Bb7 4. Qc2 d5 5. Nf3 e6 6. Bg5 Be7 7. e3 Nbd7 8. Bd3
dxc4 9. Bxc4 c5 10. dxc5 Nxc5 11. Rd1 Qc7 12. Bf4 Qc8 13. Bb5+ Bc6 14. O-O O-O
15. Bxc6 Qxc6 16. Qe2 Rfd8 17. h3 Nd5 18. Nxd5 Rxd5 19. Qc4 Rad8 20. Qc2 Qa4
21. b3 Qe4 22. Qxe4 Nxe4 23. Rxd5 Rxd5 24. Be5 f6 25. Bb2 Nd2 26. Ra1 Nxf3+ 27.
gxf3 a5 28. Bd4 Bc5 29. Bc3 e5 30. Rc1 Ba3 31. Rc2 Rc5 32. Kf1 Bb4 33. Bxb4
Rxc2 34. Bd6 Rxa2 35. Bc7 b5 36. b4 axb4 37. Bd6 b3 0-1

[Event "K41 Aabent Mesterskab 2005-06"]
[Site "Copenhagen"]
[Date "2006.02.21"]
[Round "9"]
[White "Nielsen, Michael"]
[Black "Edoo, Niels"]
[Result "1-0"]
[WhiteElo "2034"]
[BlackElo "1964"]
[PlyCount "95"]
[EventDate "2005.??.??"]


1. d4 Nf6 2. Bg5 Ne4 3. Bf4 d5 4. f3 Nf6 5. c4 e6 6. Nc3 Nh5 7. Be3 Bb4 8. Bf2
c5 9. a3 Bxc3+ 10. bxc3 Qa5 11. Qb3 cxd4 12. Bxd4 Nc6 13. Qb5 O-O 14. Qxa5 Nxa5
15. g4 Nf4 16. e3 Ng6 17. cxd5 exd5 18. Rb1 Nc6 19. Ne2 f5 20. gxf5 Rxf5 21. f4
Rf7 22. Bg2 Be6 23. h4 b6 24. Rb5 Rd8 25. c4 Nge7 26. cxd5 Bxd5 27. Rg1 Bxg2
28. Rxg2 Nf5 29. Rxf5 Rxf5 30. Rxg7+ Kf8 31. Rxh7 Ra5 32. h5 Rxa3 33. f5 Nxd4
34. Nxd4 Rxe3+ 35. Kf2 Rxd4 36. Kxe3 Rh4 37. Rxa7 Rxh5 38. Kf4 b5 39. Rb7 b4
40. Ke5 b3 41. Rxb3 Rh2 42. Rb8+ Kf7 43. Rb7+ Kf8 44. Ke6 Re2+ 45. Kf6 Re8 46.
Kg6 Rc8 47. f6 Ra8 48. Rh7 1-0

[Event "K41 Aabent Mesterskab 2005-06"]
[Site "Copenhagen"]
[Date "2006.02.21"]
[Round "9"]
[White "Nielsen, Richard Hjort"]
[Black "Lichtenberg, Ivan"]
[Result "1/2-1/2"]
[WhiteElo "1336"]
[BlackElo "1289"]
[PlyCount "100"]
[EventDate "2005.??.??"]


1. e4 c5 2. Nf3 Nc6 3. d4 cxd4 4. Nxd4 e6 5. Be3 a6 6. a4 d6 7. Be2 Be7 8. O-O
Nf6 9. Nc3 O-O 10. Qd2 Qc7 11. f4 b6 12. Rad1 Bb7 13. Nxc6 Bxc6 14. Bd3 Ng4 15.
Kh1 Nxe3 16. Qxe3 Qb7 17. Qh3 g6 18. f5 exf5 19. exf5 Bf6 20. fxg6 fxg6 21.
Qe6+ Kg7 22. Ne4 Be5 23. Rfe1 Rae8 24. Qh3 Bd7 25. Qe3 Bxa4 26. b3 Bc6 27. Qh3
Bf4 28. Ng3 Rxe1+ 29. Rxe1 Qf7 30. Qg4 Bxg3 31. Qxg3 Qb7 32. Qg5 Rf6 33. h4 Qf7
34. h5 b5 35. hxg6 hxg6 36. c4 Qb7 37. cxb5 Bxb5 38. Be4 Bc6 39. Bxc6 Qxc6 40.
Re7+ Rf7 41. Re6 Qc2 42. Rxd6 a5 43. Qe5+ Kh7 44. Qh2+ Kg7 45. Qe5+ Kg8 46.
Rd8+ Rf8 47. Rxf8+ Kxf8 48. Qh8+ Kf7 49. Qh7+ Kf6 50. Qh4+ Kf7 1/2-1/2

[Event "K41 Aabent Mesterskab 2005-06"]
[Site "Copenhagen"]
[Date "2006.02.21"]
[Round "9"]
[White "Opstrup, Niels"]
[Black "Wadtland, Flemming"]
[Result "1/2-1/2"]
[WhiteElo "1240"]
[BlackElo "1168"]
[PlyCount "66"]
[EventDate "2005.??.??"]


1. d4 Nf6 2. c4 Nc6 3. Bg5 e6 4. Nf3 Bb4+ 5. Nc3 h6 6. Bh4 g5 7. Bg3 Ne4 8. Qc2
Nxg3 9. hxg3 Qf6 10. e3 b6 11. a3 Bxc3+ 12. Qxc3 Bb7 13. O-O-O g4 14. Ne5 Nxe5
15. dxe5 Qe7 16. Rd4 Qg5 17. Rf4 O-O-O 18. f3 h5 19. Be2 Rdf8 20. Rd1 Qe7 21.
Rfd4 Rd8 22. b4 f5 23. Kb2 Qg7 24. Rf4 h4 25. fxg4 Bxg2 26. gxh4 Rxh4 27. gxf5
Rxf4 28. exf4 exf5 29. c5 Bc6 30. cxb6 cxb6 31. Rd2 Kb8 32. Ba6 Qe7 33. Qd4 Qg7
1/2-1/2

[Event "K41 Aabent Mesterskab 2005-06"]
[Site "Copenhagen"]
[Date "2006.02.21"]
[Round "9"]
[White "Ottosen, Peder"]
[Black "Laursen, Niels Norskov"]
[Result "0-1"]
[WhiteElo "1957"]
[BlackElo "2084"]
[PlyCount "64"]
[EventDate "2005.??.??"]


1. d4 Nf6 2. c4 c5 3. e3 g6 4. Nc3 Bg7 5. g3 cxd4 6. exd4 d5 7. Bg2 dxc4 8.
Qa4+ Nbd7 9. Nge2 O-O 10. Qxc4 Nb6 11. Qc5 Bg4 12. Bxb7 e5 13. Bg5 Nbd7 14. Qc6
exd4 15. Ne4 Rb8 16. Nxd4 Qa5+ 17. Bd2 Qe5 18. Be3 Qxe4 19. Qxe4 Nxe4 20. Bxe4
Bxd4 21. Bxd4 Rb4 22. Bxa7 Rxe4+ 23. Be3 Ne5 24. O-O Rb8 25. b3 Bh3 26. Rfc1 h5
27. Rc3 h4 28. Bf4 Re8 29. Re3 Nf3+ 30. Kh1 hxg3 31. hxg3 Rxe3 32. fxe3 Kg7 0-1

[Event "K41 Aabent Mesterskab 2005-06"]
[Site "Copenhagen"]
[Date "2006.02.21"]
[Round "9"]
[White "Rubin, Jacob"]
[Black "Brorsen, Jacob Abildlund"]
[Result "1-0"]
[WhiteElo "1745"]
[BlackElo "1652"]
[PlyCount "107"]
[EventDate "2005.??.??"]


1. Nf3 c5 2. e4 d6 3. c3 Nf6 4. Qc2 a6 5. a4 b6 6. d3 Bb7 7. Be2 e6 8. Bg5 Be7
9. Nbd2 Nbd7 10. O-O O-O 11. Rfd1 Qc7 12. Nf1 d5 13. Ng3 h6 14. Bd2 Bd6 15.
exd5 Bxd5 16. c4 Bb7 17. Bc3 Rad8 18. a5 b5 19. cxb5 axb5 20. a6 Ba8 21. Ba5
Nb6 22. Ne4 Nxe4 23. dxe4 b4 24. Re1 Qc6 25. Nd2 Rc8 26. Bf3 Qb5 27. Bxb6 Qxb6
28. Nc4 Qc7 29. e5 Be7 30. Bxa8 Rxa8 31. Red1 Ra7 32. Nd6 Qb6 33. Qe2 Rfa8 34.
Qf3 Bf8 35. h3 Rd8 36. Qf4 Rdd7 37. Nc8 Rxd1+ 38. Rxd1 Qxa6 39. Nxa7 Qxa7 40.
Qc4 Qc7 41. f4 g5 42. b3 gxf4 43. Qxf4 Bg7 44. Re1 f6 45. Qc4 fxe5 46. Qxe6+
Kh8 47. Ra1 Qd8 48. Kh1 Qd3 49. Ra8+ Kh7 50. Ra1 Qe4 51. Rf1 Qe3 52. Qf5+ Kh8
53. Ra1 Qxb3 54. Ra8+ 1-0

[Event "K41 Aabent Mesterskab 2005-06"]
[Site "Copenhagen"]
[Date "2006.02.21"]
[Round "9"]
[White "Thygesen, Morten"]
[Black "Madsen, Poul Henrik"]
[Result "1/2-1/2"]
[WhiteElo "1879"]
[BlackElo "2026"]
[PlyCount "30"]
[EventDate "2005.??.??"]


1. e4 d5 2. exd5 Qxd5 3. Nc3 Qd6 4. Bc4 Nc6 5. Nf3 a6 6. d4 Nf6 7. h3 b5 8. Bd3
Nb4 9. O-O Nxd3 10. Qxd3 Bb7 11. a4 b4 12. Ne2 e6 13. c4 Be7 14. Bf4 Qd8 15.
Rfe1 O-O 1/2-1/2

[Event "K41 Aabent Mesterskab 2005-06"]
[Site "Copenhagen"]
[Date "2006.02.21"]
[Round "9"]
[White "Truelsen, Ole Illum"]
[Black "Weber, John"]
[Result "1/2-1/2"]
[WhiteElo "1804"]
[BlackElo "1683"]
[PlyCount "63"]
[EventDate "2005.??.??"]


1. c4 f5 2. d4 Nf6 3. Nc3 e6 4. g3 b6 5. Bg2 c6 6. Nh3 Bb7 7. Qb3 d5 8. O-O Be7
9. Nf4 Qc8 10. h4 Na6 11. f3 Qd7 12. Rd1 O-O-O 13. e4 fxe4 14. cxd5 Nxd5 15.
Ncxd5 cxd5 16. fxe4 Kb8 17. Bh3 Nc7 18. exd5 Bxd5 19. Qe3 g5 20. Nxd5 Qxd5 21.
Bg2 Qd7 22. Qe4 Qd5 23. Qc2 Qd6 24. hxg5 Qxg3 25. Qe4 Nd5 26. Rd3 Qc7 27. Rc3
Qd7 28. Bf4+ Bd6 29. Bxd6+ Qxd6 30. Rac1 Rhf8 31. Rc6 Qg3 32. Qe5+ 1/2-1/2